Television Network Prime Time Programming, 1985-2007 : (Record no. 587632)

MARC details
000 -LEADER
fixed length control field 00489nam a2200181 a 4500
008 - FIXED-LENGTH DATA ELEMENTS--GENERAL INFORMATION
fixed length control field 250917s2009##################000#0#eng##
020 ## - INTERNATIONAL STANDARD BOOK NUMBER
ISBN 9780786438129
082 04 - DEWEY DECIMAL CLASSIFICATION NUMBER
Classification number 791.4575097309049
Item number SHA
100 1# - MAIN ENTRY--AUTHOR NAME
Personal name Shapiro, Mitchell E.,
245 10 - TITLE STATEMENT
Title Television Network Prime Time Programming, 1985-2007 :
260 ## - PUBLICATION, DISTRIBUTION, ETC. (IMPRINT)
Name of publisher McFarland,
Year of publication 2009.
650 #0 - SUBJECT ADDED ENTRY--TOPICAL TERM
Topical Term Performing Arts.
942 ## - ADDED ENTRY ELEMENTS (KOHA)
Koha item type English Books
Holdings
Withdrawn status Lost status Damaged status Not for loan Home library Current library Shelving location Date acquired Full call number Accession Number Price effective from Koha item type
        Anna Centenary Library Anna Centenary Library 6TH FLOOR, B WING 17.09.2025 791.4575097309049 SHA 346856 17.09.2025 English Books

Find us on the map